Celoživotné vzdelávanie
Uznávanie výsledkov ďalšieho vzdelávania a overenie odbornej spôsobilosti fyzickej osoby podľa kvalifikačného štandardu sa uskutočňuje skúškou. Kto môže byť žiadateľom a čo musí obsahovať žiadosť o vykonanie skúšky. Dokladom potvrdzujúcim úspešné vykonanie skúšky je osvedčenie o čiastočnej alebo úpl...
Saved in:
| Main Author: | |
|---|---|
| Format: | Book Chapter |
| Language: | Slovak |
| Subjects: | |
| Tags: |
No Tags, Be the first to tag this record!
|
MARC
| LEADER | 00000naa a2200000 4500 | ||
|---|---|---|---|
| 001 | 0248622 | ||
| 005 | 20181106085443.8 | ||
| 041 | 0 | |a slo | |
| 044 | |a SK | ||
| 245 | 1 | 0 | |a Celoživotné vzdelávanie |c Miroslav Tichý |
| 520 | |a Uznávanie výsledkov ďalšieho vzdelávania a overenie odbornej spôsobilosti fyzickej osoby podľa kvalifikačného štandardu sa uskutočňuje skúškou. Kto môže byť žiadateľom a čo musí obsahovať žiadosť o vykonanie skúšky. Dokladom potvrdzujúcim úspešné vykonanie skúšky je osvedčenie o čiastočnej alebo úplnej kvalifikácii. Dodržiavanie podmienok akreditácie vzdelávacej inštitúcie sa uskutočňuje kontrolou pracovníkov Ministerstva školstva SR. Za nedodržiavanie podmienok a povinností sa kontrolovanému subjektu ukladá pokuta v rôznych výškach. | ||
| 610 | 2 | 0 | |a vzdelávanie celoživotné |
| 610 | 2 | 0 | |a vzdelávanie dospelých |
| 610 | 2 | 0 | |a inštitúcie vzdelávacie |
| 610 | 2 | 0 | |a akreditácia |
| 610 | 2 | 0 | |a kvalifikácia |
| 610 | 2 | 0 | |a kontrola |
| 610 | 2 | 0 | |a ministerstvá |
| 610 | 2 | 0 | |a školstvo |
| 610 | 2 | 0 | |a pokuty |
| 100 | 1 | |a Tichý, Miroslav | |